Κατάλογος Βιβλιοθηκών Mediterranean College

Εισαγωγή στην Ψυχολογία του Hilgard Hilgard's Introduction to Psychology (Record no. 8156)

MARC details
000 -LEADER
fixed length control field 01992cam a22002534a 4500
005 - ΗΜΕΡΟΜΗΝΙΑ ΚΑΙ ΩΡΑ ΤΕΛΕΥΤΑΙΑΣ ΕΝΗΜΕΡΩΣΗΣ
Πεδίο ελέγχου 20250605164328.0
008 - FIXED-LENGTH DATA ELEMENTS--GENERAL INFORMATION
Πεδίο ελέγχου σταθερού μήκους 250528s ||||||||||||||||||||||||d
035 ## - SYSTEM CONTROL NUMBER
System control number 23126
040 ## - ΠΗΓΗ ΚΑΤΑΛΟΓΟΓΡΑΦΗΣΗΣ
Φορέας πρωτότυπης καταλογογράφησης MC Athens Campus Library
Γλώσσα καταλογογράφησης Ελληνικά, Μοντέρνα (1453-)
Modifying agency MC Athens Campus Library
Κανόνες περιγραφικής καταλογογράφησης AACR2
245 1# - ΤΙΤΛΟΣ ΚΑΙ ΔΗΛΩΣΗ ΥΠΕΥΘΥΝΟΤΗΤΑΣ
Τίτλος Εισαγωγή στην Ψυχολογία του Hilgard Hilgard's Introduction to Psychology
250 ## - EDITION STATEMENT
Edition statement 13η
260 ## - PUBLICATION, DISTRIBUTION, ETC.
Name of publisher, distributor, etc. Παπαζήση,
Date of publication, distribution, etc. 2004
300 ## - PHYSICAL DESCRIPTION
Extent 816
520 ## - SUMMARY, ETC.
Summary, etc. Η εισαγωγή στην ψυχολογία του Hilgard παραμένει ένα από τα πιο δημοφιλή βιβλία εισαγωγής στην ψυχολογία. Η παράδοση του Ernest Hilgard να απευθύνεται στον φοιτητή, συνεχίζεται μέχρι και σήμερα με μια εξαιρετική ισορροπία ανάμεσα στις καθιερωμένες θεωρίες του κλάδου και στις πιο πρόσφατες εξελίξεις. Πρόλογος, Κίνητρα και Συγκινήσεις, Βασικά Κίνητρα, Συγκινήσεις, Προσωπικότητα και Ατομικότητα, Ατομικές Διαφορές, Προσωπικότητα, Στρες και Ψυχοπαθολογία και Θεραπεία, Στρες και Υγεία και Αντιμετώπιση, Ψυχολογία της Παθολογίας, Μέθοδοι Θεραπείας, Κοινωνική Συμπεριφορά, Κοινωνική Νόηση και Συναίσθημα, Κοινωνική Αλληλεπίδραση και Επιρροή, Στατιστικές Μέθοδοι και Μετρήσεις, Βιβλιογραφικός Οδηγός.
700 1# - ΠΡΟΣΘΕΤΗ ΑΝΑΓΡΑΦΗ--ΦΥΣΙΚΟ ΠΡΟΣΩΠΟ
Personal name Atkinson Richard C.
9 (RLIN) 261
700 1# - ΠΡΟΣΘΕΤΗ ΑΝΑΓΡΑΦΗ--ΦΥΣΙΚΟ ΠΡΟΣΩΠΟ
Personal name Atkinson Rita L.
9 (RLIN) 262
700 1# - ΠΡΟΣΘΕΤΗ ΑΝΑΓΡΑΦΗ--ΦΥΣΙΚΟ ΠΡΟΣΩΠΟ
Personal name Bem Daryl J.
9 (RLIN) 263
700 1# - ΠΡΟΣΘΕΤΗ ΑΝΑΓΡΑΦΗ--ΦΥΣΙΚΟ ΠΡΟΣΩΠΟ
Personal name Nolen - Hoeksema Susan
9 (RLIN) 5971
700 1# - ΠΡΟΣΘΕΤΗ ΑΝΑΓΡΑΦΗ--ΦΥΣΙΚΟ ΠΡΟΣΩΠΟ
Personal name Smith Edward E
9 (RLIN) 264
700 1# - ΠΡΟΣΘΕΤΗ ΑΝΑΓΡΑΦΗ--ΦΥΣΙΚΟ ΠΡΟΣΩΠΟ
Personal name Ντάβου Μπετίνα
9 (RLIN) 5973
942 ## - ADDED ENTRY ELEMENTS (KOHA)
Koha item type Books
Holdings
Τύπος τεκμηρίου Βιβλιοθήκη Τρέχουσα τοποθεσία Barcode Αριθμός εισαγωγής Ημερομηνία απόκτησης Ταξιθετικό σύμβολο Αριθμός αντιτύπου Κατάσταση απόσυρσης Κατάσταση χαμένου Κατάσταση κατεστραμμένου Μη δανεισμός Σύνολο δανεισμών Ημερομηνία τελευταίας εμφάνισης Η τιμή ισχύει από
Books MC Athens Campus Library MC Athens Campus Library 9780000081551 7573 05/06/2025 150 ATK V.B 1           05/06/2025 05/06/2025

MC Athens Campus Library
Πατησίων 94 & Κοδριγκτώνος 13, 104 34
Πελλήνης 8 & Πατησίων 107, 112 51
Τ: +30 210 8899600

MC Thessaloniki Campus Library
Ίωνος Δραγούμη 21, 54625 | Ίωνος Δραγούμη 15, 54625
Τ: +30 2310 287779 – Τ: +30 2314 440300